000 00649nam a2200277Ia 4500
005 20260324124036.0
008 008 260324s9999 xx 000 0 eng d
020 _a9780203830796
037 _aEBOOK
040 _aCRL
040 _beng
040 _cCRL
041 _2eng
041 _aeng
084 _qCRL
100 _aEdwin Williams
_91172622
245 0 _aRegimes of Derivation in Syntax and Morphology
260 _bTaylor and Francis
260 _c2011
365 _a
365 _b220
856 _uhttp://www.taylorfrancis.com/books/9780203830796
942 _cEBOOK
999 _c1766673
_d1766673